Biology of weeds (Record no. 27075)

MARC details
000 -LEADER
fixed length control field 00285nam a2200121Ia 4500
082 ## - DEWEY DECIMAL CLASSIFICATION NUMBER
Classification number 632.51
Item number HIL
100 ## - MAIN ENTRY--AUTHOR NAME
Personal name HILL, Thomas A
245 #0 - TITLE STATEMENT
Title Biology of weeds
260 ## - PUBLICATION, DISTRIBUTION, ETC. (IMPRINT)
Place of publication London
Name of publisher Edward Arnold
Year of publication 1977
650 ## - SUBJECT ADDED ENTRY--TOPICAL TERM
Topical Term Weeds
942 ## - ADDED ENTRY ELEMENTS (KOHA)
Koha item type Books
Holdings
Withdrawn status Lost status Damaged status Not for loan Home library Current library Date acquired Full call number Accession Number Koha item type
        RRII Library RRII Library 16/12/2021 632.51 HIL 07706 Books